| 000 | 00443nam a2200133Ia 4500 | ||
|---|---|---|---|
| 008 | 170221s9999 xx 000 0 und d | ||
| 100 | _aJarrod Tudor | ||
| 245 | _aIntellectual Property, the Free Movement of Goods and Trade Restraint in the European Union | ||
| 245 | _cJarrod Tudor | ||
| 260 | _c2012 | ||
| 300 | _a1 : 4 | ||
| 650 | _xBusiness | ||
| 856 | _uhttp://digitalcommons.pepperdine.edu/cgi/viewcontent.cgi?article=1087&context=jbel | ||
| 999 |
_c313391 _d313391 |
||